Racionalizácia súčasnej organizačnej štruktúry riadenia SVŠT Bratislava so zreteľom na vývojové tendencie a perspektívy rozvoja vysokých škôl : Realizačný výstup z čiastkovej výskumnej úlohy RŠ I-06/01

Guardado en:
Detalles Bibliográficos
Otros Autores: Linczényi, Alexander, 1932- (Jefe de equipo de investigación), Marko, Jozef (Miembre del equipo de investigación), Sakálová, Elena (Miembre del equipo de investigación), Mulíková, Dagmar, 1956- (Miembre del equipo de investigación), Sroková, Margita (Miembre del equipo de investigación)
Formato: Libro
Lenguaje:eslovaco
Publicado: Trnava : SVŠT v Bratislave StF, 1989
Etiquetas: Agregar Etiqueta
Sin Etiquetas, Sea el primero en etiquetar este registro!

MARC

LEADER 00000nam a22000003a 4500
001 stu144886
005 20150617225949.9
008 070906s1989----cs------------------slo-d
040 |a STU  |b slo 
041 0 |a slo 
044 |a cs 
100 1 |a Linczényi, Alexander,  |d 1932-  |4 rth  |u M300  |U MTF Ústav priemyselného inžinierstva a manažmentu  |T MTF Katedra inžinierstva kvality  |X 3055  |U M300  |Y M300  |7 A000003055 
245 1 |a Racionalizácia súčasnej organizačnej štruktúry riadenia SVŠT Bratislava so zreteľom na vývojové tendencie a perspektívy rozvoja vysokých škôl :  |b Realizačný výstup z čiastkovej výskumnej úlohy RŠ I-06/01 
260 |a Trnava :  |b SVŠT v Bratislave StF,  |c 1989 
300 |a 78 s 
700 1 |a Marko, Jozef  |4 rtm  |u M  |T MTF Materiálovotechnologická fakulta  |U M  |Y 60 
700 1 |a Sakálová, Elena  |4 rtm 
700 1 |a Mulíková, Dagmar,  |d 1956-  |4 rtm  |u M  |T MTF Materiálovotechnologická fakulta  |X 4403  |U M  |Y 60  |7 A000004403 
700 1 |a Sroková, Margita  |4 rtm 
996 |b 284M065795  |c M*VVS-49  |l MMKN  |s P  |a 0  |w stu144886_0001